LEADER 03528nam 2200685Ia 450 001 9910967446003321 005 20200520144314.0 010 $a90-272-7126-7 035 $a(CKB)2670000000389327 035 $a(SSID)ssj0001101488 035 $a(PQKBManifestationID)11664652 035 $a(PQKBTitleCode)TC0001101488 035 $a(PQKBWorkID)11067929 035 $a(PQKB)10492345 035 $a(MiAaPQ)EBC1218545 035 $a(Au-PeEL)EBL1218545 035 $a(CaPaEBR)ebr10722672 035 $a(CaONFJC)MIL498936 035 $a(OCoLC)851161724 035 $a(iGPub)JOBE0003565 035 $a(EXLCZ)992670000000389327 100 $a19830701d1982 uy 0 101 0 $aeng 135 $aurcn||||||||| 181 $ctxt$2rdacontent 182 $cc$2rdamedia 183 $acr$2rdacarrier 200 14$aThe structure of complementation /$fAntonio Carlos Quicoli 205 $a1st ed. 210 $aGhent $cE. Story-Scientia$d1982 215 $a1 online resource (xii, 172 pages) $cillustrations 225 0 $aStudies in Generative Linguistic Analysis ;$v3 225 0$aSIGLA ;$v3 300 $aThesis. 311 0 $a1-299-67686-3 311 0 $a90-6439-165-3 320 $aIncludes bibliographical references. 327 $a1. Acknowledgements; 2. Foreword; 3. I. INTRODUCTION; 4. II. ON THE PORTUGUESE VERB PARECER; 5. III. ON 'MISSING SUBJECTS' IN PORTUGUESE; 6. IV. SOME PROPERTIES OF AGREEMENT RULES; 7. Bibliography 330 $aThe study of complementation has received considerable attention in generative studies. Following Rosenbaum's (1967) pioneering study of the English complement system, there are extensive studies by Lakoff (1965), Ross (1967), Perlmutter (1971) and a large number of publications. More recent detailed studies are Emonds (1970) and Bresnan (1972) . These studies have increased enormously the body of factual knowledge about the complement system of English, and about the phenomenon of complementation in general. As a consequence there are a number of empirical hypotheses about the structure of human languages which must now be tested against facts of different languages. Of these hypotheses, perhaps the most interesting is that the grammars of all languages make use of the principle of the transformational cycle. Testing this hypothesis constitutes one of the main concerns of the present book. Furthermore, these studies have also raised numerous interesting empirical issues of great importance for linguistic theory, most of which are still awaiting fresh evidence from different languages in order to be settled. This study is directed towards resolving some of these issues by adducing relevent data, primarily from Portuguese. 606 $aPortuguese language$xSyntax 606 $aPortuguese language$xGrammar, Generative 606 $aPortuguese language$xAgreement 606 $aParecer (The Portuguese word) 606 $aGreek language$xCase 606 $aGreek language$xAgreement 615 0$aPortuguese language$xSyntax. 615 0$aPortuguese language$xGrammar, Generative. 615 0$aPortuguese language$xAgreement. 615 0$aParecer (The Portuguese word) 615 0$aGreek language$xCase. 615 0$aGreek language$xAgreement. 676 $a469.5 700 $aQuicoli$b Antonio Carlos$01896410 801 0$bMiAaPQ 801 1$bMiAaPQ 801 2$bMiAaPQ 906 $aBOOK 912 $a9910967446003321 996 $aThe structure of complementation$94550995 997 $aUNINA LEADER 02772oas 2201141 a 450 001 9910145274203321 005 20260228213014.0 011 $a1476-5403 035 $a(DE-599)ZDB1496681-5 035 $a(DE-599)1496681-5 035 $a(OCoLC)39737677 035 $a(CONSER) 2005233043 035 $a(CKB)954925616081 035 $a(EXLCZ)99954925616081 100 $a19980824a19949999 sy a 101 0 $aeng 135 $aurmnu|||||||| 181 $ctxt$2rdacontent 182 $cc$2rdamedia 183 $acr$2rdacarrier 200 00$aCell death and differentiation 210 $a[London] $cNature Pub. Group 300 $aRefereed/Peer-reviewed 311 08$a1350-9047 517 1 $aCell death & differentiation 517 1 $aCDD 531 1 $aCell death differ. 606 $aCell death$vPeriodicals 606 $aCell differentiation$vPeriodicals 606 $aCell Death 606 $aCell Differentiation 606 $aCellules$xMort$vPe?riodiques 606 $aCellules$xDiffe?renciation$vPe?riodiques 606 $aCellules$xDiffe?renciation 606 $aCell death$2fast$3(OCoLC)fst00850180 606 $aCell differentiation$2fast$3(OCoLC)fst00850182 606 $aInteracció cel·lular$2thub 606 $aMort cel·lular$2thub 608 $aPeriodicals.$2fast 608 $aRevistes electròniques.$2thub 615 0$aCell death 615 0$aCell differentiation 615 2$aCell Death. 615 2$aCell Differentiation. 615 6$aCellules$xMort 615 6$aCellules$xDiffe?renciation 615 6$aCellules$xDiffe?renciation. 615 7$aCell death. 615 7$aCell differentiation. 615 7$aInteracció cel·lular. 615 7$aMort cel·lular. 676 $a571.6 801 0$bF#A 801 1$bF#A 801 2$bOCL 801 2$bDLC 801 2$bOCLCQ 801 2$bOCL 801 2$bGUA 801 2$bCOO 801 2$bDNB 801 2$bSBH 801 2$bOCLCQ 801 2$bOCL 801 2$bOCLCQ 801 2$bCIT 801 2$bGUA 801 2$bBUF 801 2$bOCLCQ 801 2$bOCLCF 801 2$bOCLCQ 801 2$bSCB 801 2$bOCLCO 801 2$bOCLCA 801 2$bUMC 801 2$bU3W 801 2$bOCLCO 801 2$bOCLCA 801 2$bDLC 801 2$bUKMGB 801 2$bVT2 801 2$bLEAUB 801 2$bOCLCO 801 2$bOCLCA 801 2$bSFB 801 2$bQGK 801 2$bOCLCQ 801 2$bUAB 801 2$bOCLCL 801 2$bCSU 801 2$bLIP 801 2$bXFH 801 2$bAU@ 801 2$bOCLCQ 906 $aJOURNAL 912 $a9910145274203321 996 $aCell death and differentiation$9796779 997 $aUNINA